| 000 | 01201cab a2200277 4500 | ||
|---|---|---|---|
| 001 | ABS67518 | ||
| 008 | 040226n2004 000 0 eng u | ||
| 035 | _a(Sirsi) u125234 | ||
| 100 | _aWillis, B. | ||
| 245 | _aHousing market renewal | ||
| 260 | _c2004 | ||
| 490 |
_aRegeneration and Renewal _v30 January 2004 _v20-23(4) |
||
| 520 | _aEvaluates the progress of the government's Housing Market Renewal Pathfinder programme a year after its launch. The pathfinders are strategic organisations set up to transform estates dogged by low demand into places where people would once again choose to live. Considers whether the lessons learnt from previous regeneration strategies have been learnt and incorporated in the pathfinder schemes. Surveys a range of schemes such as Black Patch in Smethwick and looks at the role of wholesale demolition in the revamping process. | ||
| 590 | _aABS | ||
| 650 | _aPOPULATION CHANGE | ||
| 650 | _aHOUSING ESTATES | ||
| 650 | _aDEMOLITION | ||
| 650 | _aHULME | ||
| 650 | _aNEWCASTLE | ||
| 650 | _aSMETHWICK | ||
| 650 | _aROCHDALE | ||
| 650 | _aSALFORD | ||
| 650 | _aMARKET RENEWAL PATHFINDER AREAS | ||
| 690 | _aHOUSING-DEVELOPMENT | ||
| 942 | _n0 | ||
| 999 |
_c74169 _d74169 |
||